The Burrows-Wheeler transform : data compression, suffix arrays, and pattern matching /

Bibliographic Details
Main Author: Adjeroh, Donald
Corporate Author: SpringerLink (Online service)
Other Authors: Bell, Timothy C., Mukherjee, Amar
Format: eBook
Language:English
Published: New York : Springer, [2008]
Subjects:
Online Access:Connect to the full text of this electronic book

MARC

Tag First Indicator Second Indicator Subfields
LEADER 00000cam a2200000Ia 4500
001 in00002467759
005 20210817090301.0
006 m d
007 cr cn|||||||||
008 081117s2008 nyua sb 001 0 eng d
020 |a 038778909X 
020 |a 9780387789095 
035 |a (OCoLC)272311456 
035 |a (OCoLC)ocn272311456 
037 |a 978-0-387-78908-8  |b Springer  |n http://www.springerlink.com 
040 |a GW5XE  |b eng  |c GW5XE  |d YDXCP  |d UtOrBLW 
049 |a TEFA 
050 1 4 |a QA76.9.D33  |b A35 2008eb 
082 0 4 |a 005.746  |2 22 
100 1 |a Adjeroh, Donald.  |0 http://id.loc.gov/authorities/names/no2008141639 
245 1 4 |a The Burrows-Wheeler transform :  |b data compression, suffix arrays, and pattern matching /  |c Donald Adjeroh, Tim Bell, Amar Mukherjee. 
264 1 |a New York :  |b Springer,  |c [2008] 
264 4 |c ©2008 
300 |a xxii, 351 pages :  |b illustrations ;  |c 25 cm. 
336 |a text  |b txt  |2 rdacontent 
337 |a computer  |b c  |2 rdamedia 
338 |a online resource  |b cr  |2 rdacarrier 
500 |a Electronic resource. 
504 |a Includes bibliographical references (pages [317]-339) and index. 
533 |a Electronic reproduction.  |b New York :  |c Springer,  |d 2008.  |n Mode of access: World Wide Web.  |n System requirements: Web browser.  |n Title from title screen (viewed on Nov. 10, 2008).  |n Access may be restricted to users at subscribing institutions. 
650 0 |a Data compression (Computer science)  |0 http://id.loc.gov/authorities/subjects/sh85035850 
655 7 |a Electronic books.  |2 local 
700 1 |a Bell, Timothy C.  |0 http://id.loc.gov/authorities/names/n88225158 
700 1 |a Mukherjee, Amar.  |0 http://id.loc.gov/authorities/names/n85038584 
710 2 |a SpringerLink (Online service)  |0 http://id.loc.gov/authorities/names/no2005046756 
776 1 |c Original  |z 9780387789088  |z 0387789081  |w (OCoLC)227032534 
856 4 0 |u http://proxy.library.tamu.edu/login?url=https://dx.doi.org/10.1007/978-0-387-78909-5  |z Connect to the full text of this electronic book  |t 0 
938 |a YBP Library Services  |b YANK  |n 2898876 
994 |a C0  |b TEF 
999 |a MARS 
999 f f |s 61adc8cc-3fb0-3762-8a1b-ac6cb87bcccf  |i ce18c1f9-a21a-3cac-8ca3-888a7c7e52ff  |t 0 
952 f f |a Texas A&M University  |b College Station  |c Electronic Resources  |d Available Online  |t 0  |e QA76.9.D33 A35 2008eb  |h Library of Congress classification 
998 f f |a QA76.9.D33 A35 2008eb  |t 0  |l Available Online